Statistics for Countries Budapest has Been In

Click here to take the quiz!

General Stats

  • This quiz has been taken 153 times
  • The average score is 4 of 7

Answer Stats

YearsAnswer% Correct
895 - 1526Hungary
98%
1867 - 1919Austria-Hungary
97%
1804 - 1867Austrian Empire
96%
1526Ottoman Empire
86%
700 - 796Avar Khaganate
26%
842 - 895Bulgaria
15%
796 - 842Pannonian March (Frankish Empire)
11%

Score Distribution

Percentile by Number Answered

Percent of People with Each Score

Your Score History

You have not taken this quiz